Six-gun Snow White /

A retelling of "Snow White" set in the "gritty gun-slinging west."

Bibliographic Details
Main Author: Valente, Catherynne M., 1979- (Author)
Format: Book
Language:English
Published: Burton, MI : Subterranean Press, 2013.
Edition:Special signed edition, First edition.
Subjects:

MARC

Tag First Indicator Second Indicator Subfields
LEADER 00000cam a2200000Ii 4500
001 in00003469749
005 20151206092205.0
008 130220s2013 miu 000 1 eng d
020 |a 9781596065529 
020 |a 1596065524 
035 |a (OCoLC)ocn878959070 
035 |a (OCoLC)878959070 
040 |a TXA  |b eng  |e rda  |c TXA  |d UtOrBLW 
049 |a TXAM 
050 4 |a PS3622.A4258  |b S591 2013 
100 1 |a Valente, Catherynne M.,  |d 1979-  |e author. 
245 1 0 |a Six-gun Snow White /  |c Catherynne M. Valente. 
250 |a Special signed edition, First edition. 
264 1 |a Burton, MI :  |b Subterranean Press,  |c 2013. 
300 |a 167 pages ;  |c 23 cm 
336 |a text  |b txt  |2 rdacontent 
337 |a unmediated  |b n  |2 rdamedia 
338 |a volume  |b nc  |2 rdacarrier 
500 |a "This special signed edition is limited to 1000 numbered copies"--Preliminary page. 
520 |a A retelling of "Snow White" set in the "gritty gun-slinging west." 
650 0 |a Snow White (Tale)  |v Adaptations. 
650 0 |a Fantasy fiction. 
994 |a C0  |b TXA 
948 |a cataloged  |b h  |c 2014/5/2  |d o  |e nbehmer  |f 10:04:46 am 
999 |a MARS 
999 f f |s 2677e182-6b8a-3aca-970b-2d377ef1bdd7  |i 7308399f-16d5-355b-a14d-ebe03ff66497  |t 0 
952 f f |p noncirc  |a Texas A&M University  |b College Station  |c Cushing Memorial Library & Archives  |d Cushing: Science Fiction (Does not check out)  |t 0  |e PS3622.A4258 S591 2013  |h Library of Congress classification  |i unmediated -- volume 
998 f f |a PS3622.A4258 S591 2013  |t 0  |l Cushing: Science Fiction (Does not check out)